najwięksi polscy Youtube'rzy - Statystyki

Ogólne statystyki
  • Ten quiz został rozwiązany 56 razy
  • Średni wynik to 5 z 20
Statystyki odpowiedzi
Liczba Subów Kanał Youtube % Poprawnych
5,38mln Blowek
91%
5,27mln ReZigiusz
71%
5,28mln Karol Friz Wiśniewski
69%
3,53mln Sa Wardega
44%
4,17mln Stuu
44%
2,28mln 5 Sposobów na...
40%
2,71mln WERSOW
36%
3,73mln Naruciak
31%
3,38mln Abstrachuje TV
18%
2,66mln Kaluch
16%
2,3mln Karolek
13%
2,78mln Planeta Faktów
13%
2,83mln IsAmU
11%
2,17mln Izak Live
11%
2,57mln Vito Minecraft
11%
4mln Step Records
9%
3,43mln SBM Label
4%
2,38mln jedrek29t
0%
2,54mln SPInkafilmstudio
0%
2,54mln tvnpl
0%
Nie znaleziono quizów pasujących do podanych kryteriów
Rozkład punktacji
Procent ludzi z każdym wynikiem
Percentyl według liczby udzielonych odpowiedzi
Twoja historia wyników
Nie rozwiązałeś tego quizu